Izbrannye sočinenija. dlja fortepiano / 2

Hlavní autor: Rubinštejn, Anton Grigor‘jevič, 1829-1894
Další autoři: Igumnov, Konstantin Nikolajevič, 1873-1948
Jazyk: Nelze použít, není lingvistický obsah
Vydáno: Moskva : Muzgiz, 1947
Fyzický popis: 151 s.
Hudebniny Hudebniny
Uloženo v:
LEADER 00811ncm a22002172a 4500
001 001211822
003 CZ BrMZK
005 20130128125246.0
007 qu
008 120511s1947 ru |||||||||||||||||zxx d
040 |a BOA001  |b cze 
072 7 |a 786  |x Hudba pro klávesové nástroje  |2 Konspekt  |9 9 
100 1 |a Rubinštejn, Anton Grigor‘jevič,  |d 1829-1894  |7 jn19990210543  |4 cmp 
245 1 0 |a Izbrannye sočinenija.  |n 2  |h [hudebnina] :  |b dlja fortepiano /  |c Anton Grigor'evič Rubinštejn ; red. K.N. Igumnova 
260 |a Moskva :  |b Muzgiz,  |c 1947 
300 |a 151 s. 
700 1 |a Igumnov, Konstantin Nikolajevič,  |d 1873-1948  |7 mzk2011661285  |4 edt 
910 |a BOA001  |b Mus4-0387.385,2 
990 |a MU 
991 |b 201205 
996 6 |b 2619619991  |c Mus4-0387.385,2  |l MZK  |r Sklad / do 1 hodiny  |n 0  |w 001245544  |u 000010  |a 1  |e BOA001  |j MZK50  |s P